000 00730nam a2200229Ii 4500
003 JO-AjNU
008 230605s9999||||xx |||||||||||||| ||und||
017 _a1993/12/3000
040 _aJO-AjNU
_bara
_erda
_cJO-AjNU
041 _aara
050 1 4 _aPG3337 1993
100 3 _aتاليف تشيرنيشيفسكي،نيكولا؛ ترجمة يوسف سلمان,
_eauthor
_98928
245 0 0 _aما العمل؟
250 _aط1
264 3 1 _aدمشق: وزارة الثقافة، 1993
300 _a805ص
336 _atext
_btxt
_2rdacontent
337 _aunmediated
_bn
_2rdamedia
338 _avolume
_bnc
_2rdacarrier
490 0 _aروايات عالمية 42
650 4 _aما العمل؟-تشيرنيشيفسكي
_98929
999 _aA1038
_c4606
_d4606